Population pressure and cultural adjustment (Record no. 1373861)

MARC details
000 -LEADER
fixed length control field 00547nam a2200193Ia 4500
005 - DATE AND TIME OF LATEST TRANSACTION
control field 20250508162022.0
008 - FIXED-LENGTH DATA ELEMENTS--GENERAL INFORMATION
fixed length control field 008 250505s9999 xx 000 0 eng d
020 ## - INTERNATIONAL STANDARD BOOK NUMBER
International Standard Book Number 0-87705-329-4
037 ## - SOURCE OF ACQUISITION
Stock number Textual
040 ## - CATALOGING SOURCE
Original cataloging agency FEDL
Language of cataloging eng
Transcribing agency FEDL
041 ## - LANGUAGE CODE
Language code of text/sound track or separate title eng
Source of code eng
084 ## - COLON CLASSIFICATION NUMBER
Classification number 304.6, ABE
Assigning agency FEDL
100 ## - MAIN ENTRY--PERSONAL NAME
Personal name Abernethy Virginia
9 (RLIN) 146371
245 #0 - TITLE STATEMENT
Title Population pressure and cultural adjustment
260 ## - PUBLICATION, DISTRIBUTION, ETC.
Place of publication, distribution, etc. New York, USA
Name of publisher, distributor, etc. Human Sciences Press
Date of publication, distribution, etc. 1979
300 ## - PHYSICAL DESCRIPTION
Extent 189p
942 ## - ADDED ENTRY ELEMENTS (KOHA)
Koha item type Textual
Classification part 304.6, ABE
Holdings
Withdrawn status Lost status Damaged status Not for loan Home library Current library Date acquired Total Checkouts Full call number Barcode Date last seen Price effective from Koha item type
        Department of Education Library Department of Education Library 2025-05-08   304.6, ABE EL0063829 2025-05-08 2025-05-08 Textual
Copyright @ Delhi University Library System